The road's end

Fourteen-year-old Matt, Tuava-Li the elf, and Tomtar the troll continue their race to the North Pole to try to save their worlds, in competition with Becky and the villainous Jardaine, but unexpected horrors await whoever journeys beyond the Gates of Vattar.

में बचाया:
ग्रंथसूची विवरण
मुख्य लेखक: Kirk, Daniel.
अन्य लेखक: 1906-1998. 1933- 1955- 1960-, 1952- 1949- 1954-, 1923-
स्वरूप: पुस्तक
भाषा:English
प्रकाशित: New York Amulet 2011
श्रृंखला:Elf Realm ; |v bk. 3
विषय:
टैग : टैग जोड़ें
कोई टैग नहीं, इस रिकॉर्ड को टैग करने वाले पहले व्यक्ति बनें!
Thư viện lưu trữ: Mạng thư viện Đại học Đà Nẵng
LEADER 01490nam a2200397 4500
001 000024451
003 20939
005 20161209141232.0
008 161209s2011 engsd
020 |a 9780810989788 (alk. paper) 
041 0 |a eng 
082 0 0 |a 813.6  |b KI-D 
100 1 |a Kirk, Daniel.  |q (Laura Ann) 
245 1 4 |a The road's end  |c Daniel Kirk. 
260 |a New York  |b Amulet  |c 2011 
300 |a 474 p.  |b ill.  |c 24 cm. 
490 0 |a Elf Realm ; |v bk. 3 
520 3 |a Fourteen-year-old Matt, Tuava-Li the elf, and Tomtar the troll continue their race to the North Pole to try to save their worlds, in competition with Becky and the villainous Jardaine, but unexpected horrors await whoever journeys beyond the Gates of Vattar. 
650 0 |a Elves  |v Fiction. 
650 0 |a Trolls  |v Fiction. 
650 0 |a Fairies  |v Fiction. 
650 0 |a Magic  |v Fiction. 
653 |a Fiction. 
700 1 |d 1906-1998.  |d 1933-  |d 1955-  |d 1960-  |q (Susan Maxine) 
700 1 |d 1952-  |d 1949-  |d 1954- 
700 1 |d 1923-  |q (Melvin Lawrence) 
OWN |a LSP 
AVA |a UDN50  |b LSP  |d 813.6 KI-D  |e available  |t Error 5001 Not defined in file expand_doc_bib_avail.  |f 1  |g 0  |h N  |i 0  |k 1 
999 |a From the UDN01 
AVA |a UDN50  |b LSP  |d 813.6 KI-D  |e available  |t Error 5001 Not defined in file expand_doc_bib_avail.  |f 1  |g 0  |h N  |i 0  |k 1 
TYP |a Monograph 
TYP |a Printed language 
980 |a Mạng thư viện Đại học Đà Nẵng